[Event "The Frying of Many Livers"]
[Site "SchemingMind.com"]
[Date "2008.02.01"]
[Round "-"]
[White "jtrochez1"]
[Black "M. Clark"]
[Result "1-0"]
[WhiteCountry "HON"]
[BlackCountry "USA"]
[WhiteElo "1579"]
[WhiteRD "50"]
[BlackElo "1352"]
[BlackRD "74"]
[GameID "139885"]

1. e4 e5 2. Nf3 Nc6 3. Bc4 Nf6 4. Ng5 d5 5. exd5 Nxd5 6. Nxf7 Kxf7 7. Nc3 Be6 8. Nxd5 Bxd5 9. Bxd5+ Qxd5 10. O-O Be7
11. c3 e4 12. Qe2 Ne5 13. b3 Ng6 14. c4 Qe5 15. Rb1 Nf4 16. Qg4 h5 17. Qd1 Qg5 18. g3 h4 19. d3 Nh3+ 20. Kg2 Qf5
21. f4 exf3+ 22. Rxf3
1-0

[Event "The Frying of Many Livers"]
[Site "SchemingMind.com"]
[Date "2008.02.02"]
[Round "-"]
[White "marble"]
[Black "jtrochez1"]
[Result "1-0"]
[WhiteCountry "ENG"]
[BlackCountry "HON"]
[WhiteElo "1634"]
[WhiteRD "55"]
[BlackElo "1579"]
[BlackRD "50"]
[GameID "139886"]

1. e4 e5 2. Nf3 Nc6 3. Bc4 Nf6 4. Ng5 d5 5. exd5 Nxd5 6. Nxf7 Kxf7 7. Qf3+ Qf6 8. Bxd5+ Be6 9. Bxc6 bxc6 10. Qxc6 Bd6
11. O-O Rhe8 12. d3 Kg8 13. Nc3 Qf7 14. Be3 a6 15. Ne4 Kh8 16. Nxd6 cxd6 17. Qxd6 Red8 18. Qxe5 h6 19. Rfe1 Rd5 20. Qe4 Re8
21. c4 Rd7 22. Rac1 Bf5 23. Qc6 Qe6 24. Qxe6 Rxe6 25. d4 Rg6 26. Kh1 Rf6 27. f3 Bh7 28. c5 Rd5 29. c6 Bf5 30. c7 Rb6
31. Bf2 Bc8 32. Re8+ Kh7 33. Rxc8 Rxb2 34. Kg1 Rxa2 35. Ra8 Rda5 36. h3 Ra1 37. Rxa1 Rxa1+ 38. Kh2
1-0

[Event "The Frying of Many Livers"]
[Site "SchemingMind.com"]
[Date "2008.02.07"]
[Round "-"]
[White "Clive Everill"]
[Black "jtrochez1"]
[Result "1-0"]
[WhiteCountry "CZE"]
[BlackCountry "HON"]
[WhiteElo "1680"]
[WhiteRD "52"]
[BlackElo "1579"]
[BlackRD "50"]
[GameID "139887"]

1. e4 e5 2. Nf3 Nc6 3. Bc4 Nf6 4. Ng5 d5 5. exd5 Nxd5 6. Nxf7 Kxf7 7. Qf3+ Qf6 8. Bxd5+ Ke8 9. Qxf6 gxf6 10. d3 Bd7
11. Be3 a6 12. O-O h5 13. f4 Nd4 14. Bxd4 exd4 15. Nd2 c6 16. Bb3 Bd6 17. Ne4 Be7 18. Rae1 Kd8 19. a3 f5 20. Nd2 Rh7
21. Nf3 Kc7 22. Nxd4 Bc5 23. c3 Bxd4+ 24. cxd4 Rd8 25. d5 cxd5 26. Bxd5 h4 27. Re5 Rf8 28. Rfe1 Bc6 29. Bxc6 bxc6 30. Re7+ Rxe7
31. Rxe7+ Kb6 32. Re5 Rd8 33. Rxf5 Rxd3 34. Rh5 h3 35. Rxh3 Rd2 36. Rb3+ Ka5 37. f5 Rd7 38. g4 Ka4 39. Rb4+ Ka5 40. f6 Rf7
41. g5 c5 42. Rf4 Rd7 43. f7 Rd1+ 44. Rf1 Rxf1+ 45. Kxf1
1-0

[Event "The Frying of Many Livers"]
[Site "SchemingMind.com"]
[Date "2008.02.04"]
[Round "-"]
[White "matizccc"]
[Black "jtrochez1"]
[Result "1-0"]
[WhiteCountry "ROU"]
[BlackCountry "HON"]
[WhiteElo "1745"]
[WhiteRD "69"]
[BlackElo "1579"]
[BlackRD "50"]
[GameID "139888"]

1. e4 e5 2. Nf3 Nc6 3. Bc4 Nf6 4. Ng5 d5 5. exd5 Nxd5 6. Nxf7 Kxf7 7. Qf3+ Qf6 8. Qxf6+ gxf6 9. Bxd5+ Ke7 10. Bxc6 bxc6
11. Nc3 h5 12. d3 Bh6 13. Bxh6 Rxh6 14. O-O Bb7 15. Ne4
1-0

[Event "The Frying of Many Livers"]
[Site "SchemingMind.com"]
[Date "2008.02.02"]
[Round "-"]
[White "lemmie"]
[Black "jtrochez1"]
[Result "1-0"]
[WhiteCountry "NED"]
[BlackCountry "HON"]
[WhiteElo "1768"]
[WhiteRD "55"]
[BlackElo "1579"]
[BlackRD "50"]
[GameID "139889"]

1. e4 e5 2. Nf3 Nc6 3. Bc4 Nf6 4. Ng5 d5 5. exd5 Nxd5 6. Nxf7 Kxf7 7. Qf3+ Qf6 8. Bxd5+ Be6 9. Bxc6 bxc6 10. Qxc6 Bd6
11. Nc3 a6 12. d3 Rhd8 13. Ne4 Qg6 14. Ng5+ Kg8 15. Nxe6 Qxe6 16. O-O Qd7 17. Qe4 Rf8 18. a3 c5 19. Be3 Kh8 20. Rae1 Qf5
21. Bd2 Qxe4 22. Rxe4 h6 23. Rfe1 Kh7 24. Bc3 a5 25. Bxe5 Bxe5 26. Rxe5 Rac8 27. b3 Rc7 28. R1e4 Rcf7 29. f3 Rf5 30. Kf2 g6
31. Re7+ Kg8 32. Ra7 g5 33. Ree7 R8f7 34. Rxf7 Rxf7 35. Rxa5 Rf5 36. g4 Rd5 37. a4 Kf7 38. Ra6 Ke7 39. Rxh6 Rd6 40. Rxd6 Kxd6
41. Ke3 Kc6 42. Ke4 Kd6 43. a5 Kc6 44. Kf5
1-0

[Event "The Frying of Many Livers"]
[Site "SchemingMind.com"]
[Date "2008.02.02"]
[Round "-"]
[White "safoocat"]
[Black "jtrochez1"]
[Result "0-1"]
[WhiteCountry "USA"]
[BlackCountry "HON"]
[WhiteElo "1420"]
[WhiteRD "84"]
[BlackElo "1579"]
[BlackRD "50"]
[GameID "139890"]

1. e4 e5 2. Nf3 Nc6 3. Bc4 Nf6 4. Ng5 d5 5. exd5 Nxd5 6. Nxf7 Kxf7 7. Qf3+ Qf6 8. Bxd5+ Be6 9. Nc3 Qxf3 10. Bxf3 a6
11. d3 Bd6 12. O-O Rhf8 13. Bd2 Rab8 14. Ne4 Be7 15. Bc3 Bd6 16. Ng5+ Ke7 17. Rfe1 h6 18. Ne4 Rbd8 19. Nxd6 cxd6 20. Re3 g5
21. d4 exd4 22. Bxd4 Nxd4
0-1

[Event "The Frying of Many Livers"]
[Site "SchemingMind.com"]
[Date "2008.02.02"]
[Round "-"]
[White "M. Clark"]
[Black "jtrochez1"]
[Result "0-1"]
[WhiteCountry "USA"]
[BlackCountry "HON"]
[WhiteElo "1352"]
[WhiteRD "74"]
[BlackElo "1579"]
[BlackRD "50"]
[GameID "139891"]

1. e4 e5 2. Nf3 Nc6 3. Bc4 Nf6 4. Ng5 d5 5. exd5 Nxd5 6. Nxf7 Kxf7 7. Qf3+ Qf6 8. Bxd5+ Be6 9. Bxc6 bxc6 10. Qxc6 Bd6
11. O-O Rhe8 12. d4 Rec8 13. d5 Bf5 14. f4 e4 15. Be3 h6 16. g3 Kg8 17. Nc3 a6 18. Kg2 Qg6 19. h3 Rcb8 20. Rf2 h5
21. Bc5 Rc8 22. Bd4 Qf7 23. h4 Bd7
0-1

[Event "The Frying of Many Livers"]
[Site "SchemingMind.com"]
[Date "2008.02.05"]
[Round "-"]
[White "Dr_Pat"]
[Black "jtrochez1"]
[Result "1-0"]
[WhiteCountry "USA"]
[BlackCountry "HON"]
[WhiteElo "1825"]
[WhiteRD "51"]
[BlackElo "1579"]
[BlackRD "50"]
[GameID "140140"]

1. e4 e5 2. Nf3 Nc6 3. Bc4 Nf6 4. Ng5 d5 5. exd5 Nxd5 6. Nxf7 Kxf7 7. Qf3+ Qf6 8. Bxd5+ Be6 9. Bxe6+ Kxe6 10. Qb3+ Kd7
11. Nc3 Bd6 12. O-O b6 13. Nd5 Qe6 14. d3 Nd4 15. Qc4 Qg6 16. a4 Rhf8 17. c3 Ne2+ 18. Kh1 Qh5 19. Be3 e4 20. Qb5+ Kd8
21. h3 Qe5 22. g3 h6 23. Nb4 Qxb5 24. axb5 Bxb4 25. cxb4 exd3 26. Rfd1 Ke8 27. Rxd3 Kf7 28. Rd7+ Kg8 29. Rxc7 Rf6 30. Re1 Nxg3+
31. fxg3 Rf3 32. Kg2 Rf7 33. Rxf7 Kxf7 34. Rc1 g5 35. g4 Ke6 36. Rc6+ Ke5 37. Rxh6 Ke4 38. Bxg5 Kd3 39. Rc6 Ke2 40. h4 Re8
41. Rc7
1-0

[Event "The Frying of Many Livers"]
[Site "SchemingMind.com"]
[Date "2008.02.03"]
[Round "-"]
[White "Dr_Pat"]
[Black "marble"]
[Result "1-0"]
[WhiteCountry "USA"]
[BlackCountry "ENG"]
[WhiteElo "1722"]
[WhiteRD "54"]
[BlackElo "1623"]
[BlackRD "55"]
[GameID "140141"]

1. e4 e5 2. Nf3 Nc6 3. Bc4 Nf6 4. Ng5 d5 5. exd5 Nxd5 6. Nxf7 Kxf7 7. Qf3+ Ke6 8. Nc3 Nb4 9. Qe4 c6 10. a3 Na6
11. d4 Qd6 12. O-O Nc7 13. f4 Ke7 14. fxe5 Qg6 15. Bxd5 cxd5 16. Nxd5+ Nxd5 17. Qxd5 Qe6 18. Bg5+ Ke8 19. Qd8#
1-0

[Event "The Frying of Many Livers"]
[Site "SchemingMind.com"]
[Date "2008.02.07"]
[Round "-"]
[White "Dr_Pat"]
[Black "Clive Everill"]
[Result "1-0"]
[WhiteCountry "USA"]
[BlackCountry "CZE"]
[WhiteElo "1722"]
[WhiteRD "54"]
[BlackElo "1708"]
[BlackRD "55"]
[GameID "140142"]

1. e4 e5 2. Nf3 Nc6 3. Bc4 Nf6 4. Ng5 d5 5. exd5 Nxd5 6. Nxf7 Kxf7 7. Qf3+ Ke6 8. Nc3 Nb4 9. Qe4 c6 10. a3 Na6
11. d4 Qd6 12. O-O g6 13. f4 Bg7 14. fxe5 Bxe5 15. Bf4 b5 16. Bxe5 Qd7 17. Bg3#
1-0

[Event "The Frying of Many Livers"]
[Site "SchemingMind.com"]
[Date "2008.02.05"]
[Round "-"]
[White "Dr_Pat"]
[Black "matizccc"]
[Result "0-1"]
[WhiteCountry "USA"]
[BlackCountry "ROU"]
[WhiteElo "1722"]
[WhiteRD "54"]
[BlackElo "1763"]
[BlackRD "80"]
[GameID "140143"]

1. e4 e5 2. Nf3 Nc6 3. Bc4 Nf6 4. Ng5 d5 5. exd5 Nxd5 6. Nxf7 Kxf7 7. Qf3+ Ke6 8. Nc3 Ne7 9. d4 c6 10. Bg5 h6
11. Bxe7 Bxe7 12. O-O-O Rf8 13. Qh5 Kd6 14. dxe5+ Kc7 15. Bxd5 cxd5 16. Nxd5+ Kb8 17. e6 Bc5 18. f3 Bxe6 19. Qe5+ Qd6 20. Rhe1 Qxe5
21. Rxe5 Bf7 22. Nc3 Rc8 23. a3 b6 24. Rd7 Rc7 25. Rxc7 Kxc7 26. Nd5+ Kd6
0-1

[Event "The Frying of Many Livers"]
[Site "SchemingMind.com"]
[Date "2008.02.03"]
[Round "-"]
[White "Dr_Pat"]
[Black "lemmie"]
[Result "1-0"]
[WhiteCountry "USA"]
[BlackCountry "NED"]
[WhiteElo "1722"]
[WhiteRD "54"]
[BlackElo "1627"]
[BlackRD "56"]
[GameID "140144"]

1. e4 e5 2. Nf3 Nc6 3. Bc4 Nf6 4. Ng5 d5 5. exd5 Nxd5 6. Nxf7 Kxf7 7. Qf3+ Ke6 8. Nc3 Ne7 9. d4 c6 10. Bg5 exd4
11. Nxd5 cxd5 12. O-O-O Qa5 13. Rhe1+ Kd7 14. Qf7 Kc7 15. Bxe7 Bd7 16. Qf4+ Kc8 17. Bxf8 dxc4 18. Qxd4 Qd8 19. Re7 Rxf8 20. Rxd7 Qb6
21. Qxg7 Re8 22. Qxh7 c3 23. b3 Qb4 24. Kb1 a5 25. a3 Qb6 26. Qf7 Rh8 27. Re1 Rd8 28. Re8
1-0

[Event "The Frying of Many Livers"]
[Site "SchemingMind.com"]
[Date "2008.02.03"]
[Round "-"]
[White "Dr_Pat"]
[Black "safoocat"]
[Result "1-0"]
[WhiteCountry "USA"]
[BlackCountry "USA"]
[WhiteElo "1722"]
[WhiteRD "54"]
[BlackElo "1528"]
[BlackRD "100"]
[GameID "140145"]

1. e4 e5 2. Nf3 Nc6 3. Bc4 Nf6 4. Ng5 d5 5. exd5 Nxd5 6. Nxf7 Kxf7 7. Qf3+ Ke6 8. Nc3 Ne7 9. d4 Qd6 10. O-O c6
11. dxe5 Qb4 12. Bb3 g6 13. Qf6+
1-0

[Event "The Frying of Many Livers"]
[Site "SchemingMind.com"]
[Date "2008.02.04"]
[Round "-"]
[White "Dr_Pat"]
[Black "M. Clark"]
[Result "1-0"]
[WhiteCountry "USA"]
[BlackCountry "USA"]
[WhiteElo "1722"]
[WhiteRD "54"]
[BlackElo "1403"]
[BlackRD "76"]
[GameID "140146"]

1. e4 e5 2. Nf3 Nc6 3. Bc4 Nf6 4. Ng5 d5 5. exd5 Nxd5 6. Nxf7 Kxf7 7. Qf3+ Ke7 8. Bxd5 Bd7 9. Qf7+ Kd6 10. Nc3 Nd4
11. Ne4#
1-0

[Event "The Frying of Many Livers"]
[Site "SchemingMind.com"]
[Date "2008.02.03"]
[Round "-"]
[White "jtrochez1"]
[Black "Dr_Pat"]
[Result "0-1"]
[WhiteCountry "HON"]
[BlackCountry "USA"]
[WhiteElo "1579"]
[WhiteRD "50"]
[BlackElo "1825"]
[BlackRD "51"]
[GameID "140147"]

1. e4 e5 2. Nf3 Nc6 3. Bc4 Nf6 4. Ng5 d5 5. exd5 Nxd5 6. Nxf7 Kxf7 7. Bxd5+ Qxd5 8. O-O Qd4 9. c3 Qd3 10. Qb3+ Kg6
11. Qd1 Bc5 12. b4 Bb6 13. a4 a6 14. Na3 Be6 15. Qc2 Bc4 16. Bb2 Qxc2 17. Nxc2 Bxf1 18. Rxf1 Rad8 19. Bc1 e4 20. Kh1 Ne5
21. a5 Ba7 22. Ne3 Nd3 23. Ng4 Nxc1 24. Rxc1 Rxd2 25. h3 Bxf2 26. Nxf2 Rxf2 27. Re1 Re8 28. Kg1 e3 29. g4 Rc2 30. Kf1 Rh2
0-1

[Event "The Frying of Many Livers"]
[Site "SchemingMind.com"]
[Date "2008.02.03"]
[Round "-"]
[White "marble"]
[Black "Dr_Pat"]
[Result "0-1"]
[WhiteCountry "ENG"]
[BlackCountry "USA"]
[WhiteElo "1623"]
[WhiteRD "55"]
[BlackElo "1722"]
[BlackRD "54"]
[GameID "140148"]

1. e4 e5 2. Nf3 Nc6 3. Bc4 Nf6 4. Ng5 d5 5. exd5 Nxd5 6. Nxf7 Kxf7 7. Qf3+ Ke6 8. Nc3 Nb4 9. Qe4 c6 10. d4 Qd6
11. a3 Na6 12. O-O Kd7 13. dxe5 Qg6 14. Qd4 Bc5 15. Qd2 Kc7 16. g3 Nxc3 17. Qxc3 Bh3 18. Rd1 Raf8 19. Be3 Bxe3 20. Qxe3 Kb8
21. e6 Nc7 22. Rd6 Rf6 23. Re1 Qxc2 24. Bd3 Qxb2 25. Bf1 Bxf1 26. Kxf1 Nd5 27. Qc5 Rhf8 28. Re2 Qb1+ 29. Kg2 Qf5 30. Rd7 Qf3+
31. Kf1 Qh1#
0-1

[Event "The Frying of Many Livers"]
[Site "SchemingMind.com"]
[Date "2008.02.07"]
[Round "-"]
[White "Clive Everill"]
[Black "Dr_Pat"]
[Result "1-0"]
[WhiteCountry "CZE"]
[BlackCountry "USA"]
[WhiteElo "1708"]
[WhiteRD "55"]
[BlackElo "1722"]
[BlackRD "54"]
[GameID "140149"]

1. e4 e5 2. Nf3 Nc6 3. Bc4 Nf6 4. Ng5 d5 5. exd5 Nxd5 6. Nxf7 Kxf7 7. Qf3+ Ke6 8. Nc3 Nb4 9. Qe4 c6 10. d4 Qd6
11. Bf4 h5 12. Bxe5
1-0

[Event "The Frying of Many Livers"]
[Site "SchemingMind.com"]
[Date "2008.02.06"]
[Round "-"]
[White "matizccc"]
[Black "Dr_Pat"]
[Result "1-0"]
[WhiteCountry "ROU"]
[BlackCountry "USA"]
[WhiteElo "1745"]
[WhiteRD "69"]
[BlackElo "1825"]
[BlackRD "51"]
[GameID "140150"]

1. e4 e5 2. Nf3 Nc6 3. Bc4 Nf6 4. Ng5 d5 5. exd5 Nxd5 6. Nxf7 Kxf7 7. Qf3+ Ke6 8. Nc3 Nb4 9. Bb3 c6 10. O-O Qf6
11. Bxd5+ cxd5 12. Qg4+ Kf7 13. Qh5+ Qg6 14. Qxe5 Bd6 15. Qe2 Re8 16. Qf3+ Kg8 17. Nb5 Rf8 18. Qb3 Bg4 19. Nxd6 Qxd6 20. a3 Nc6
21. d3 b6 22. Be3 Rf6 23. f3 Be6 24. d4 Na5 25. Qd3 Nc4 26. Qb3 Nxe3 27. Qxe3 Rh6 28. f4 Rf8 29. Rae1 Bd7 30. g3 Re8
31. Qf2 Rxe1 32. Rxe1 Kf8 33. Re5 a5 34. c3 b5 35. Qf3 Be6 36. Qe2 Qd7 37. Qf3 b4 38. f5
1-0

[Event "The Frying of Many Livers"]
[Site "SchemingMind.com"]
[Date "2008.02.03"]
[Round "-"]
[White "lemmie"]
[Black "Dr_Pat"]
[Result "0-1"]
[WhiteCountry "NED"]
[BlackCountry "USA"]
[WhiteElo "1627"]
[WhiteRD "56"]
[BlackElo "1722"]
[BlackRD "54"]
[GameID "140151"]

1. e4 e5 2. Nf3 Nc6 3. Bc4 Nf6 4. Ng5 d5 5. exd5 Nxd5 6. Nxf7 Kxf7 7. Qf3+ Ke6 8. Nc3 Nb4 9. Qe4 c6 10. a3 Na6
11. Qf3 Bc5 12. O-O Rf8 13. Qh5 Qf6 14. Qxh7 b5 15. Ba2 Bd7 16. Qe4 Nc7 17. Qe2 Ke7 18. Ne4 Nf4 19. Qe1 Nxg2 20. Nxf6 Nxe1
21. Nxd7 Nf3+ 22. Kg2 Kxd7 23. d3 Rf6 24. Be3 Nxh2 25. Rg1 Rh8 26. Bf7 Nd5 27. Rh1 Bxe3 28. fxe3 Nxe3+ 29. Kg1 Neg4 30. Rxh2 Rxh2
31. Rf1 Rxf1+ 32. Kxf1 Rxc2
0-1

[Event "The Frying of Many Livers"]
[Site "SchemingMind.com"]
[Date "2008.02.03"]
[Round "-"]
[White "safoocat"]
[Black "Dr_Pat"]
[Result "0-1"]
[WhiteCountry "USA"]
[BlackCountry "USA"]
[WhiteElo "1420"]
[WhiteRD "84"]
[BlackElo "1825"]
[BlackRD "51"]
[GameID "140152"]

1. e4 e5 2. Nf3 Nc6 3. Bc4 Nf6 4. Ng5 d5 5. exd5 Nxd5 6. Nxf7 Kxf7 7. Qf3+ Ke6 8. Nc3 Nb4 9. O-O c6 10. Bb3 Qf6
11. Bxd5+ cxd5 12. Qd1 Qg6 13. d3 Kf7 14. Qf3+ Kg8 15. Qe2 Bh3 16. f3 Rc8 17. Kh1 Be6 18. a3 Nxc2 19. Qxc2 d4 20. Bd2 h5
21. f4 dxc3 22. Bxc3 exf4
0-1

[Event "The Frying of Many Livers"]
[Site "SchemingMind.com"]
[Date "2008.02.04"]
[Round "-"]
[White "M. Clark"]
[Black "Dr_Pat"]
[Result "0-1"]
[WhiteCountry "USA"]
[BlackCountry "USA"]
[WhiteElo "1403"]
[WhiteRD "76"]
[BlackElo "1722"]
[BlackRD "54"]
[GameID "140153"]

1. e4 e5 2. Nf3 Nc6 3. Bc4 Nf6 4. Ng5 d5 5. exd5 Nxd5 6. Nxf7 Kxf7 7. Qf3+ Ke6 8. Qh3+ Kf6 9. Qh4+ g5 10. Qg3 Nf4
11. O-O Be6 12. Bb5 Nd4 13. Bd3 Nfe2+ 14. Bxe2 Nxe2+
0-1

[Event "The Frying of Many Livers"]
[Site "SchemingMind.com"]
[Date "2008.02.07"]
[Round "-"]
[White "capablanca"]
[Black "Dr_Pat"]
[Result "1/2-1/2"]
[WhiteCountry "GER"]
[BlackCountry "USA"]
[WhiteElo "1691"]
[WhiteRD "75"]
[BlackElo "1722"]
[BlackRD "54"]
[GameID "140812"]

1. e4 e5 2. Nf3 Nc6 3. Bc4 Nf6 4. Ng5 d5 5. exd5 Nxd5 6. Nxf7 Kxf7 7. Qf3+ Ke6 8. Nc3 Nb4 9. Qe4 c6 10. d4 Qd6
11. O-O Kf7 12. dxe5 Qg6 13. Qf3+ Qf5 14. Qxf5+ Bxf5 15. Bg5 Be7 16. Bxd5+ Nxd5 17. Bxe7 Nxc3 18. Bb4 Ne2+ 19. Kh1 Bxc2 20. f4 Rhd8
21. Rae1 Bd3 22. Rf3 b6 23. Rxd3 Rxd3 24. Rxe2 Rd1+ 25. Re1 Rxe1+ 26. Bxe1 Ke6 27. Kg1 Rd8 28. Kf2 Kf5 29. g3 c5 30. Bc3 g6
31. Ke3 h5 32. h3=
1/2-1/2

[Event "The Frying of Many Livers"]
[Site "SchemingMind.com"]
[Date "2008.02.08"]
[Round "-"]
[White "capablanca"]
[Black "marble"]
[Result "1-0"]
[WhiteCountry "GER"]
[BlackCountry "ENG"]
[WhiteElo "1762"]
[WhiteRD "69"]
[BlackElo "1634"]
[BlackRD "55"]
[GameID "140813"]

1. e4 e5 2. Nf3 Nc6 3. Bc4 Nf6 4. Ng5 d5 5. exd5 Nxd5 6. Nxf7 Kxf7 7. Qf3+ Ke6 8. Nc3 Ne7 9. Qe4 b5 10. Bb3 Bb7
11. d4 Kd7 12. Qxe5 Ke8 13. Nxb5 c6 14. Nd6+ Kd7 15. Nxb7 Qc7 16. Nc5+ Kc8 17. Qxc7+ Nxc7 18. O-O Nf5 19. c3 Bxc5 20. dxc5 Na6
21. Be6+ Kc7 22. Bxf5 Nxc5 23. Bf4+ Kb7 24. Bd6 Na6 25. Rfe1 g6 26. Re7+ Kb6 27. Bc2 Rhd8 28. Bf4 Rf8 29. Be3+ c5 30. b4 Rac8
31. Be4 Rfe8 32. Rb7#
1-0

[Event "The Frying of Many Livers"]
[Site "SchemingMind.com"]
[Date "2008.02.08"]
[Round "-"]
[White "capablanca"]
[Black "Clive Everill"]
[Result "0-1"]
[WhiteCountry "GER"]
[BlackCountry "CZE"]
[WhiteElo "1691"]
[WhiteRD "75"]
[BlackElo "1708"]
[BlackRD "55"]
[GameID "140814"]

1. e4 e5 2. Nf3 Nc6 3. Bc4 Nf6 4. Ng5 d5 5. exd5 Nxd5 6. Nxf7 Kxf7 7. Qf3+ Ke6 8. Nc3 Nb4 9. Qe4 c6 10. d4 Qd6
11. f4 b5 12. fxe5 Qd7 13. Qg4+ Ke7 14. Bg5+ Ke8 15. Qxd7+ Bxd7 16. Nxd5 cxd5 17. Bb3 Bc6 18. O-O-O a5 19. a3 a4 20. axb4 axb3
21. cxb3 Bxb4 22. Kc2 h6 23. Bf4 g5 24. Be3 Ke7 25. Rhf1 Be8 26. Rf6 Rg8 27. Rdf1 Rc8+ 28. Kd1 Bh5+
0-1

[Event "The Frying of Many Livers"]
[Site "SchemingMind.com"]
[Date "2008.02.07"]
[Round "-"]
[White "capablanca"]
[Black "matizccc"]
[Result "1/2-1/2"]
[WhiteCountry "GER"]
[BlackCountry "ROU"]
[WhiteElo "1762"]
[WhiteRD "69"]
[BlackElo "1745"]
[BlackRD "69"]
[GameID "140815"]

1. e4 e5 2. Nf3 Nc6 3. Bc4 Nf6 4. Ng5 d5 5. exd5 Nxd5 6. Nxf7 Kxf7 7. Qf3+ Ke6 8. Nc3 Nb4 9. Qe4 c6 10. d4 Bd6
11. f4 Qh4+ 12. g3 Qf6 13. dxe5 Bxe5 14. fxe5 Qxe5 15. Qxe5+ Kxe5 16. Bb3 Be6 17. Nxd5 Bxd5 18. Bf4+ Kf5 19. O-O Bxb3 20. axb3 a5
21. Bc7+ Kg6 22. Rf2 Nd5 23. Be5 Rhg8 24. c4 Rge8 25. Bd4 Nf6 26. Bxf6 gxf6 27. Raf1 Re6 28. Rf5= Re2 29. Rxf6+ Kg7 30. R1f2 Rxf2
31. Rxf2 Rd8 32. Kg2 Rd3 33. Rf3 Rd2+ 34. Rf2 Rd4 35. h3 b5 36. Rf4 Rd2+ 37. Rf2 Rd7 38. Rf1 Kg6 39. Rf3 Rd4 40. cxb5 cxb5
41. Rf4 Rd5 42. Rf2 Rd3=
1/2-1/2

[Event "The Frying of Many Livers"]
[Site "SchemingMind.com"]
[Date "2008.02.07"]
[Round "-"]
[White "capablanca"]
[Black "lemmie"]
[Result "0-1"]
[WhiteCountry "GER"]
[BlackCountry "NED"]
[WhiteElo "1691"]
[WhiteRD "75"]
[BlackElo "1627"]
[BlackRD "56"]
[GameID "140816"]

1. e4 e5 2. Nf3 Nc6 3. Bc4 Nf6 4. Ng5 d5 5. exd5 Nxd5 6. Nxf7 Kxf7 7. Qf3+ Ke6 8. Nc3 Nb4 9. Bb3 c6 10. a3 Na6
11. O-O Nc7 12. Re1 Qf6 13. Qxf6+ gxf6 14. f4 Kf5 15. fxe5 fxe5 16. Rf1+ Kg6 17. Ne4 Bf5 18. d3 Bxe4 19. dxe4 Bc5+ 20. Kh1 Nf6
21. h3 Nxe4 22. Re1 Ng3+ 23. Kh2 Nf5 24. g4 Nd4
0-1

[Event "The Frying of Many Livers"]
[Site "SchemingMind.com"]
[Date "2008.02.07"]
[Round "-"]
[White "capablanca"]
[Black "M. Clark"]
[Result "1-0"]
[WhiteCountry "GER"]
[BlackCountry "USA"]
[WhiteElo "1762"]
[WhiteRD "69"]
[BlackElo "1352"]
[BlackRD "74"]
[GameID "140818"]

1. e4 e5 2. Nf3 Nc6 3. Bc4 Nf6 4. Ng5 d5 5. exd5 Nxd5 6. Nxf7 Kxf7 7. Qf3+ Ke6 8. Nc3 a6 9. Nxd5 Kd6 10. O-O Nd4
11. Qd1 b5 12. Bb3 Nxb3 13. axb3 Kxd5 14. d4 Qf6 15. c4+ Kc6 16. dxe5 Qxe5 17. Qf3+ Kb6 18. Qxa8 Bb7 19. Qd8 Qd6 20. Be3+
1-0

[Event "The Frying of Many Livers"]
[Site "SchemingMind.com"]
[Date "2008.02.07"]
[Round "-"]
[White "Dr_Pat"]
[Black "capablanca"]
[Result "0-1"]
[WhiteCountry "USA"]
[BlackCountry "GER"]
[WhiteElo "1722"]
[WhiteRD "54"]
[BlackElo "1691"]
[BlackRD "75"]
[GameID "140820"]

1. e4 e5 2. Nf3 Nc6 3. Bc4 Nf6 4. Ng5 d5 5. exd5 Nxd5 6. Nxf7 Kxf7 7. Qf3+ Ke6 8. Nc3 Nb4 9. Qe4 c6 10. a3 Na6
11. d4 Qd6 12. Bf4 Kd7 13. Bxe5 Qe6 14. Nxd5 cxd5 15. Bxd5 Qg6 16. O-O-O Qxe4 17. Bxe4 Bd6 18. Bxg7 Rg8 19. Be5 Rb8 20. Bxh7 Rxg2
21. f4 Ke7 22. f5 Bxe5 23. dxe5 Nc5 24. e6 Ne4 25. Rdg1 Rxg1+ 26. Rxg1 Nf6 27. Bg6 b6 28. h4 Bb7 29. h5 Rh8 30. Rd1 Bf3
0-1

[Event "The Frying of Many Livers"]
[Site "SchemingMind.com"]
[Date "2008.02.09"]
[Round "-"]
[White "marble"]
[Black "capablanca"]
[Result "0-1"]
[WhiteCountry "ENG"]
[BlackCountry "GER"]
[WhiteElo "1634"]
[WhiteRD "55"]
[BlackElo "1762"]
[BlackRD "69"]
[GameID "140821"]

1. e4 e5 2. Nf3 Nc6 3. Bc4 Nf6 4. Ng5 d5 5. exd5 Nxd5 6. Nxf7 Kxf7 7. Qf3+ Ke6 8. Nc3 Nb4 9. Qe4 c6 10. d4 Kd7
11. dxe5 Kc7 12. Nxd5+ cxd5 13. Bxd5 Qxd5 14. Qxd5 Nxd5 15. O-O Be6 16. c4 Nb4 17. Bd2 Nd3 18. Bc3 Bc5 19. Rad1 Nxf2 20. Rxf2 Bxf2+
21. Kxf2 Rhf8+ 22. Kg1 Bxc4 23. b3 Bb5 24. Bb4 Rfe8 25. Bd6+ Kb6 26. a4 Bc6 27. Ra1 a5 28. Re1 Rad8 29. Rc1 Re6 30. Bc5+ Kc7
31. Bd6+ Kd7 32. Rd1 Ke8 33. Re1 Rdxd6
0-1

[Event "The Frying of Many Livers"]
[Site "SchemingMind.com"]
[Date "2008.02.09"]
[Round "-"]
[White "Clive Everill"]
[Black "capablanca"]
[Result "1-0"]
[WhiteCountry "CZE"]
[BlackCountry "GER"]
[WhiteElo "1708"]
[WhiteRD "55"]
[BlackElo "1691"]
[BlackRD "75"]
[GameID "140822"]

1. e4 e5 2. Nf3 Nc6 3. Bc4 Nf6 4. Ng5 d5 5. exd5 Nxd5 6. Nxf7 Kxf7 7. Qf3+ Ke6 8. Nc3 Nb4 9. Qe4 c6 10. d4 Bd6
11. f4 Kd7 12. fxe5 Bxe5 13. dxe5 Re8 14. O-O Kc7 15. Bf4 Nxf4 16. Qxf4 Be6 17. Rad1 Qe7 18. Bxe6 Qc5+ 19. Qd4 Qxd4+ 20. Rxd4 Rxe6
21. Rxb4 Rxe5 22. Rf7+ Kd6 23. Rfxb7 Rf8 24. h3 Re1+ 25. Kh2 Rf2 26. Ne4+
1-0

[Event "The Frying of Many Livers"]
[Site "SchemingMind.com"]
[Date "2008.02.11"]
[Round "-"]
[White "matizccc"]
[Black "capablanca"]
[Result "1/2-1/2"]
[WhiteCountry "ROU"]
[BlackCountry "GER"]
[WhiteElo "1745"]
[WhiteRD "69"]
[BlackElo "1762"]
[BlackRD "69"]
[GameID "140823"]

1. e4 e5 2. Nf3 Nc6 3. Bc4 Nf6 4. Ng5 d5 5. exd5 Nxd5 6. Nxf7 Kxf7 7. Qf3+ Ke6 8. Nc3 Nb4 9. Bb3 c6 10. O-O Bd6
11. a3 Na6 12. Nxd5 cxd5 13. Bxd5+ Kd7 14. Qg4+ Kc7 15. Qxg7+ Bd7 16. b4 Qe7 17. Qxe7 Bxe7 18. Bb2 Bd6 19. c4 Rae8 20. c5 Bf8
21. f4 Bg7 22. fxe5 Bxe5 23. Bxe5+ Rxe5 24. Bf3 Nb8 25. d4 Re3 26. d5 Bb5 27. d6+ Kd8 28. Rfe1 Rhe8 29. Kf2 Rxe1 30. Rxe1 Rxe1
31. Kxe1 Bc6 32. Kf2 Bxf3 33. Kxf3 Kd7 34. Kf4 Ke6 35. Kg5 Nd7 36. h4 Kf7 37. Kh6 Kg8 38. g4 Ne5 39. g5 Nf7+ 40. Kh5 Ne5
41. Kh6 Nf7+=
1/2-1/2

[Event "The Frying of Many Livers"]
[Site "SchemingMind.com"]
[Date "2008.02.07"]
[Round "-"]
[White "lemmie"]
[Black "capablanca"]
[Result "1-0"]
[WhiteCountry "NED"]
[BlackCountry "GER"]
[WhiteElo "1627"]
[WhiteRD "56"]
[BlackElo "1691"]
[BlackRD "75"]
[GameID "140824"]

1. e4 e5 2. Nf3 Nc6 3. Bc4 Nf6 4. Ng5 d5 5. exd5 Nxd5 6. Nxf7 Kxf7 7. Qf3+ Ke6 8. Nc3 Nb4 9. a3 Na6 10. Bxd5+ Kd7
11. Bxb7 Bxb7 12. Qxb7 Nc5 13. Qd5+ Bd6 14. b4 Ne6 15. O-O c6 16. Qc4 g5 17. Ne4 Bc7 18. d3 h6 19. Be3 Qe7 20. b5 cxb5
21. Qxb5+ Kc8 22. Rab1 Rb8 23. Qc6 Rxb1 24. Rxb1 Rd8 25. Bxa7
1-0